Nghèo : Báo cáo chung của các nhà tài trợ tại Hội nghị tư vấn các nhà tài trợ Việt Nam, Hà Nội, 2 - 3 tháng 12 năm 2003

Đã lưu trong:
Sonraí Bibleagrafaíochta
Formáid: Leabhar
Teanga:Undetermined
Foilsithe: Hà Nội 2003
Ábhair:
Clibeanna: Cuir Clib Leis
Gan Chlibeanna, Bí ar an gcéad duine leis an taifead seo a chlibeáil!
Thư viện lưu trữ: Trung tâm Học liệu Trường Đại học Cần Thơ
LEADER 00569nam a2200169Ia 4500
001 CTU_62232
008 210402s9999 xx 000 0 und d
082 |a 362.5 
082 |b W927n 
245 0 |a Nghèo : 
245 0 |b Báo cáo chung của các nhà tài trợ tại Hội nghị tư vấn các nhà tài trợ Việt Nam, Hà Nội, 2 - 3 tháng 12 năm 2003 
260 |a Hà Nội 
260 |c 2003 
650 |a Poverty 
650 |x Developing countries 
904 |i Giang 
980 |a Trung tâm Học liệu Trường Đại học Cần Thơ